Wszyscy Organizatorzy MŚ - Statystyki

Ogólne statystyki
  • Ten quiz został rozwiązany 68 razy
  • Średni wynik to 21 z 23
Statystyki odpowiedzi
Podpowiedź Odpowiedź % Poprawnych
2022 Katar
100%
1978 Argentyna
98%
1938 Francja
98%
1998 Francja
98%
1974 Niemcy
98%
2006 Niemcy
98%
2026 USA/Kanada/Meksyk
98%
1950 Brazylia
97%
2014 Brazylia
97%
2018 Rosja
97%
1994 USA
97%
1934 Włochy
95%
1990 Włochy
95%
1982 Hiszpania
91%
2002 Japonia/Korea Południowa
91%
2010 RPA
91%
1930 Urugwaj
91%
1966 Anglia/Wielka Brytania
86%
1970 Meksyk
83%
1986 Meksyk
83%
1958 Szwecja
80%
1962 Chile
67%
1954 Szwajcaria
53%
Nie znaleziono quizów pasujących do podanych kryteriów
Rozkład punktacji
Procent ludzi z każdym wynikiem
Percentyl według liczby udzielonych odpowiedzi
Twoja historia wyników
Nie rozwiązałeś tego quizu